000 00526nam a2200217Ia 4500
003 OSt
005 20220923211756.0
006 a|||||r|||| 00| 0
007 ta
008 Pun
024 _a54,125
037 _cTextual
040 _aARTS
_cARTS
_bPun
041 _2Pun
_aPun
082 _aO153,6:g, J1
100 _aਸਾਹਿਬ ਸਿੰਘ
245 0 _aਸਰਬੱਤ ਦਾ ਭਲਾ
260 _c1951
942 _hO153,6:g, J1
_cTEXL
_2CC
999 _c303436
_d303436